LDR 01208naa#a2200169#i#450# 001 RU\\bibl\19293 005 20260703031636.5 100 ## _a20260519b2026####ek#y0rusy0150####ca 102 ## _aRU 200 1# _aРАЗВИТИЕ И УКРЕПЛЕНИЕ КОМПЕТЕНЦИЙ КОМАНДНОЙ РАБОТЫ В ОБУЧЕНИИ СТУДЕНТОВ СПЕЦИАЛЬНОСТИ «СЕСТРИНСКОЕ ДЕЛО» _eСтатья/тезисы конференции 210 1# _aМосква _cАвтономная некоммерческая образовательная организация высшего образования «Кубанский институт профессионального образования» _d2026 215 ## _a4 с. 608 ## _aСтатья/тезисы конференции _2local 675 ## _aНародное образование. Воспитание. Обучение. Организация досуга. 37 _aПрофессиональное и среднее специальное образование. 377 _z 700 #1 _aДомбровская _gТатьяна Николаевна 700 #1 _aКузнецова _gОльга Владимировна 856 4# _afiz.editorum.ru _u